|
|
|
|
| LEADER |
00000nam a2200000Ia 4500 |
| 008 |
180918b2002 cr ||||| |||| 00| | spa d |
| 999 |
|
|
|c 2390
|d 2390
|
| 090 |
|
|
|a 19.04.01
|b 431
|
| 110 |
|
|
|a Instituto Interamericano de Derechos Humanos
|9 598
|
| 245 |
1 |
0 |
|a Reunión de diputadas electas para el período 2002-2006 con representantes del movimiento de mujeres de Costa Rica /
|c Instituto Interamericano de Derechos Humanos
|
| 260 |
|
|
|a San José, Costa Rica :
|b SIIDH,
|c 2002
|
| 300 |
|
|
|a 53 páginas
|
| 500 |
|
|
|a Encuentros en el IIDH
|
| 650 |
1 |
4 |
|a CONFERENCIA
|9 506
|
| 650 |
1 |
4 |
|a MOVIMIENTOS SOCIALES
|9 374
|
| 650 |
1 |
4 |
|a MUJERES
|9 55
|
| 650 |
1 |
4 |
|a REUNIONES
|9 1965
|
| 650 |
1 |
4 |
|a ELECCIONES
|9 3153
|
| 942 |
|
|
|i 00760
|h 19.04.01 431
|2 z
|c 01
|